| 000 | 00994cai a22002055a 4500 | ||
|---|---|---|---|
| 001 | L149969 | ||
| 008 | 100505u xxk g 000 0 eng d | ||
| 035 | _a(Sirsi) u149969 | ||
| 041 | 0 | _aeng | |
| 110 |
_aForestry Commission _9804 |
||
| 245 | 0 | 0 |
_aNational Tree Safety Group _h[electronic resource] |
| 520 | _aWebsite for the National Tree Safety Group. This group is comprised of a number of organisations including the Arboricultural Association, Ancient Tree Forum, The Tree Council and English Heritage with an interest in tree risk management. This organisation came together in August 2007 to discuss the need for a nationally recognised approach to tree safety management. | ||
| 590 | _aKA | ||
| 710 |
_aArboricultural Association _91101 |
||
| 710 | _aAncient Tree Forum | ||
| 710 |
_aTree Council _9333 |
||
| 710 |
_aEnglish Heritage _92714 |
||
| 856 | 4 | 0 |
_uhttps://www.forestry.gov.uk/forestry/INFD-7T6BPP _zView the website free of charge at http://www.forestry.gov.uk/ |
| 942 | _n0 | ||
| 999 |
_c120859 _d120859 |
||